| 000 | 01039nam a2200301Ia 4500 | ||
|---|---|---|---|
| 003 | OSt | ||
| 005 | 20221007124638.0 | ||
| 006 | a|||||r|||| 00| 0 | ||
| 007 | ta | ||
| 008 | 221006b |||||||| |||| 00| 0 eng d | ||
| 020 | _a9788130919195 (pbk) | ||
| 024 | _a192395 | ||
| 037 |
_b799, 11/03/2015, Dhanraj Book House _cTextual |
||
| 040 |
_aCDL _cCDL _beng |
||
| 041 |
_2eng _aeng |
||
| 082 | _aE:2, N8;Q1;5-;8 Carc | ||
| 100 |
_aMcquarrie Donald A _9452383 |
||
| 245 | 0 |
_aPhysical chemistry: a molecular approarch _b Simon John D |
|
| 260 |
_aNew _bDelhi Viva Books _c1998 |
||
| 300 |
_axxi, 1270p. ill. _ccm. |
||
| 500 | _aIllustration credits 1257-1258p.; Index 1259-1270p.; Reprint 2015. | ||
| 650 |
_a Computational quantum chemistry _9719931 |
||
| 650 |
_a Entropy _9715862 |
||
| 650 |
_aChemical kinetics _9717958 |
||
| 700 | _a Simon John D | ||
| 942 |
_hE:2, N8;Q1;5-;8 Carc _cTEXL _2CC |
||
| 999 |
_c1213852 _d1213852 |
||